1174 1898 1514 1054 1698 1683 1349 1569 1406 1097 1263 1938 1713 1289 1451 1278 1427 1710 1500 1634 1550 1641 1917 1293 1463 1212 1755 1511 1001 1670 1172 1077 1124 1541 1551 1822 1492 1000 1673 1731 1684 1862 1092 1906 1172 1546 1524 1944 1410 1271 1660 1062 1556 1560 1355 1365 1234 1477 1598 1420 1959 1115 1589 1130 1544 1961 1496 1355 1084 1281 1207 1479 1872 1767 1338 1240 1152 1779 1414 1741 1310 1161 1724 1858 1433 1248 1785 1081 1683 1126 1034 1316 1723 1930 1003 1094 1371 1120 1773 BCNSPRNW ULIB Ver.6.0+V

เปลี่ยนเป็นภาษาไทย

Change to English
 แสดงรายละเอียดบรรณานุกรม
  กลับหน้าหลัก

Brief Record : Get Marc (ISO 2709) : E-mail record : QR code < ปิดหน้าต่าง
LEADER : 00000nam 2200000uu 4500
001    13399125911
003     ULIB
008    170926s2559||||th 000 0 tha d
020    ^a9786162799655
060  0 ^aWY159^bก452
245 00 ^aการพยาบาลทารกแรกเกิดที่มีความเสี่ยงสูง/^cบรรณาธิการ,วัลยา ธรรมพนิชวัฒน์, สมสิริ รุ่งอมรรัตน์, สุดาภรณ์ พยัคฆเรือง
260    ^aกรุงเทพฯ :^bโครงการตำราคณะพยาบาลศาสตร์ มหาวิทยาลัยมหิดล,^c2559
300    ^a228 หน้า ;^c26 ซม.
650  0 ^aการพยาบาลกุมารเวชศาสตร์^xการพยาบาล-ทารกแรกเกิด
650  0 ^aทารก--การดูแล
700 0  ^aวัลยา ธรรมพนิชวัฒน์,^eบรรณาธิการ
700 0  ^aสมสิริ รุ่งอมรรัตน์ฐ^eบรรณาธิการ
700 0  ^aสุดาภรณ์ พยัคฆเรือง,^eบรรณาธิการ
710 1  ^aมหาวิทยาลัยมหิดล^bคณะพยาบาลศาสตร์
945    ^p250^l0^i25637
945    ^p250^l0^i25638
945    ^p250^l0^i25639
945    ^p250^l0^i25640
945    ^p250^l0^i25641
945    ^p250^l0^i25642
945    ^p250^l0^i25643
945    ^p250^l0^i25644
945    ^p250^l0^i25645
945    ^p250^l0^i25646
999    ^aกัณชพร จุลอักษร
รายการนี้ยังไม่มีแท็ก
คุณยังไม่ได้ล็อกอิน คุณสามารถมีกิจกรรมร่วมกับเว็บไซต์ได้ แต่ต้องล็อกอินก่อน ::
  ล็อกอิน

รายการสื่อสารสนเทศ

ลำดับที่ ประเภท เลขเรียก/บาร์โค้ด สถานที่ สถานะ
1. วิทยาศาสตร์การแพทย์ และสุขภาพ
หนังสือสำรอง
สถานะ=หนังสือสำรอง
WY159 ก452 ฉ.1 
  Barcode: 25637
ห้องสมุดวิทยาเขตนครสวรรค์
►หนังสือทั่วไป:l:General Books
บนชั้น
2. วิทยาศาสตร์การแพทย์ และสุขภาพ
วิทยาศาสตร์การแพทย์ และสุขภาพ
WY159 ก452 ฉ.10 
  Barcode: 25646
ห้องสมุดวิทยาเขตนครสวรรค์
►หนังสือทั่วไป:l:General Books
บนชั้น
3. วิทยาศาสตร์การแพทย์ และสุขภาพ
วิทยาศาสตร์การแพทย์ และสุขภาพ
WY159 ก452 ฉ.2 
  Barcode: 25638
ห้องสมุดวิทยาเขตนครสวรรค์
►หนังสือทั่วไป:l:General Books
บนชั้น
4. วิทยาศาสตร์การแพทย์ และสุขภาพ
วิทยาศาสตร์การแพทย์ และสุขภาพ
WY159 ก452 ฉ.3 
  Barcode: 25639
ห้องสมุดวิทยาเขตนครสวรรค์
►หนังสือทั่วไป:l:General Books
บนชั้น
5. วิทยาศาสตร์การแพทย์ และสุขภาพ
วิทยาศาสตร์การแพทย์ และสุขภาพ
WY159 ก452 ฉ.4 
  Barcode: 25640
ห้องสมุดวิทยาเขตนครสวรรค์
►หนังสือทั่วไป:l:General Books
บนชั้น
6. วิทยาศาสตร์การแพทย์ และสุขภาพ
วิทยาศาสตร์การแพทย์ และสุขภาพ
WY159 ก452 ฉ.5 
  Barcode: 25641
ห้องสมุดวิทยาเขตนครสวรรค์
►หนังสือทั่วไป:l:General Books
บนชั้น
7. วิทยาศาสตร์การแพทย์ และสุขภาพ
วิทยาศาสตร์การแพทย์ และสุขภาพ
WY159 ก452 ฉ.6 
  Barcode: 25642
ห้องสมุดวิทยาเขตนครสวรรค์
►หนังสือทั่วไป:l:General Books
บนชั้น
8. วิทยาศาสตร์การแพทย์ และสุขภาพ
วิทยาศาสตร์การแพทย์ และสุขภาพ
WY159 ก452 ฉ.7 
  Barcode: 25643
ห้องสมุดวิทยาเขตนครสวรรค์
►หนังสือทั่วไป:l:General Books
ถูกยืม กำหนดส่งวันที่ 1 มีนาคม 2569
  จอง
9. วิทยาศาสตร์การแพทย์ และสุขภาพ
วิทยาศาสตร์การแพทย์ และสุขภาพ
WY159 ก452 ฉ.8 
  Barcode: 25644
ห้องสมุดวิทยาเขตนครสวรรค์
►หนังสือทั่วไป:l:General Books
บนชั้น
10. วิทยาศาสตร์การแพทย์ และสุขภาพ
วิทยาศาสตร์การแพทย์ และสุขภาพ
WY159 ก452 ฉ.9 
  Barcode: 25645
ห้องสมุดวิทยาเขตนครสวรรค์
►หนังสือทั่วไป:l:General Books
ถูกยืม กำหนดส่งวันที่ 15 พฤษภาคม 2569
  จอง

รายการใกล้เคียง
    หัวเรื่อง [ทารก--การดูแล]

BibComment


ยังไม่เคยถูกคอมเมนท์

คอมเมนท์ทรัพยากรรายการนี้
  คอมเมนท์: การพยาบาลทารกแรก..


 Copyright 2026. Bcnsprnw @Library